Economía política de la naturaleza /
Сохранить в:
| Главный автор: | |
|---|---|
| Формат: | Текст |
| Предметы: | |
| Метки: |
Добавить метку
Нет меток, Требуется 1-ая метка записи!
|
MARC
| LEADER | 00000 a a2200000 04500 | ||
|---|---|---|---|
| 001 | 42151 | ||
| 003 | |||
| 040 | |||
| 100 | |a Angulo Carrera, Alejandro | ||
| 245 | |a Economía política de la naturaleza / |c Alejandro Angulo Carrera | ||
| 650 | |a ESTRATEGIA DEL DESARROLLO | ||
| 650 | |a PAISES EN DESARROLLO | ||
| 650 | |a DESARROLLO SUSTENTABLE | ||
| 650 | |a MEDIO AMBIENTE | ||
| 650 | |a ECOLOGIA | ||
| 650 | |a RECURSOS NATURALES | ||
| 650 | |a INDUSTRIALIZACION | ||
| 650 | |a MODOS DE PRODUCCION | ||
| 650 | |a CAPITALISMO | ||
| 650 | |a SOCIALISMO | ||
| 650 | |a IDEOLOGIAS | ||
| 773 | |g volumen24, número95 ( , 1993), páginas 171-197 | ||
| 999 | |c 37336 |d 37336 | ||
